Proyectos de mejoramiento e innovación de la docencia universitaria 2015
Enregistré dans:
| Auteur principal: | |
|---|---|
| Format: | Livre |
| Langue: | espagnol |
| Publié: |
Valparaíso
PUCV
2016
|
| Édition: | 1a. ed |
| Sujets: | |
| Tags: |
Ajouter un tag
Pas de tags, Soyez le premier à ajouter un tag!
|
MARC
| LEADER | 00000cam a2200000 a 4500 | ||
|---|---|---|---|
| 001 | UCD5264 | ||
| 003 | CL-VaPUC | ||
| 008 | 160819e20160000cl |||||||||||||||||spa|d | ||
| 020 | |a 9789568388096 | ||
| 082 | 0 | 4 | |a 378 |b RIV |2 21 |
| 100 | 0 | |a Rivera Angulo, Francisco |e author |9 589017 | |
| 245 | 1 | 0 | |a Proyectos de mejoramiento e innovación de la docencia universitaria 2015 |
| 250 | |a 1a. ed | ||
| 300 | |a 153 p | ||
| 942 | |c BK | ||
| 945 | |d 20160819 12:52:00 |a dcastane | ||
| 260 | |a Valparaíso |b PUCV |c 2016 | ||
| 650 | 0 | |a Educación superior |9 223851 | |
| 650 | 0 | |a Universidades |9 256317 | |
| 650 | 0 | |a Docencia universitaria |9 332645 | |
| 583 | |a last modification |c 20160819 12:52:00 |k Rodrigo Vera | ||
| 999 | |c 365989 |d 365987 | ||
| 952 | |0 0 |1 0 |3 erb |4 0 |6 378_000000000000000_RIV_2016 |7 0 |8 ED_SUP |9 479987 |a BIBGIM |b BIBGIM |c S_PSTGRDO |i 5338956 |o 378 RIV 2016 |p 5338956 |r 2025-01-15 |w 2019-11-24 |y BK |z Catalogado en:20160819 |k ESU | ||